Music Quiz

Random Music or Singers Quiz

Before & After: Musical Names Quiz Stats

 Plays Quiz Updated Oct 18, 2016

Challenge
Share
Tweet
Embed
Score 0/22 Timer 07:00
1 Play Today
Before 'Mashed-Up' Name % Correct
Flamboyant lead singer of Culture ClubBoy George Harrison
89.1%
British piano rocker, 'Tiny Dancer' & 'Your Song'Elton John Lennon
81.5%
One-half of Wham! became pop superstar, 'Faith'George Michael Jackson
77.6%
'Colorful' R&B legend, 'Let's Stay Together'Al Green Day
71.6%
Folksy singer-songwriter, 'Fire & Rain'James Taylor Swift
69%
American guitarist credited as pioneer of creating electric guitarLes Paul McCartney
68.2%
R&B lothario, 'Ignition', 'I Wish', 'Fiesta'R. Kelly Clarkson
63.1%
Mark McGrath-led band with hit song 'Fly'Sugar Ray Charles
62.5%
Deep voiced R&B/disco singer, 'Can't Get Enough of Your Love, Babe'Barry Whitesnake
52.7%
Drag-rockers from the 80s, 'We're Not Gonna Take It'Twisted Sister Sledge
51.1%
Recent pop star, 'California Gurls' & 'Teenage Dream'Katy Perry Como
48.9%
Before 'Mashed-Up' Name % Correct
Leader of the ROC, rap icon, 'The Black Album', 'American Gangster'Jay-ZZ Top
48.4%
Classic soul songstress, famous for 'At Last'Etta James Blunt
47.1%
'Weezy' rapper who released 'Tha Carter' series of albumsLil' Wayne Newton
46.3%
Lead rapper of Body Count, now stars on Law & Order: SVUIce-T-Pain
46.2%
Iconic Irish rock band, albums: 'The Joshua Tree', 'Pop'U2 Live Crew
44.3%
Country superstar with 22 #1 hits, 'A Better Man' & 'Killin' Time'Clint Black Sabbath
43.9%
Lead singer of Motley Crue, 'Girls Girls Girls'Vince Neil Young
36.6%
Lead singer of Duran Duran, 'Hungry Like the Wolf'Simon Le Bon Jovi
35.3%
Trio with misleading name, had 90's hit with 'Brick'Ben Folds Five For Fighting
33.7%
Seattle-based alternative band with classic albums 'Ten' & 'Vs.'Pearl Jam Master Jay
32.7%
NYC-born rapper & head of Terror Squad, 'Lean Back'Fat Joe Cocker
25.6%

You're not logged in!

Compare scores with friends on all Sporcle quizzes.
Join for Free
OR
Log In

You Might Also Like...

Show Comments

Extras

Top Quizzes Today


Score Distribution

Your Account Isn't Verified!

In order to create a playlist on Sporcle, you need to verify the email address you used during registration. Go to your Sporcle Settings to finish the process.

Report this User

Report this user for behavior that violates our Community Guidelines.

Details: